00429nam a2200157Ia 4500008004100000020001800041040001900059041001200078082002100090245005000111260003500161300002400196504001900220650001800239850001400257131103s9999 xx 000 0 und d a0-8317-6794-4 aLoreto College aEnglish aREFbLCBED/10558 aPeoples of the worldb a history of our time  aNew YorkbGallery booksc[19?] a224pb pic.c 27cm. aIncludes index aWorld history aLCBED/REF